La formación de educadores de párvulos
সংরক্ষণ করুন:
| সংস্থা লেখক: | |
|---|---|
| বিন্যাস: | গ্রন্থ |
| ভাষা: | স্প্যানিশ |
| প্রকাশিত: |
Santiago
PUC
1979
|
| বিষয়গুলি: | |
| ট্যাগগুলো: |
ট্যাগ যুক্ত করুন
কোনো ট্যাগ নেই, প্রথমজন হিসাবে ট্যাগ করুন!
|
MARC
| LEADER | 00000nam a2200000 a 4500 | ||
|---|---|---|---|
| 001 | UCY0186 | ||
| 003 | CL-VaPUC | ||
| 008 | 940718e19790000CL |||||||||||||||||spa|d | ||
| 082 | 0 | 4 | |a 370.71 |b PON |2 21 |
| 110 | 2 | |a Pontificia Universidad Católica de Chile |e author |9 327825 | |
| 245 | 1 | 3 | |a La formación de educadores de párvulos |
| 300 | |a 30 p | ||
| 942 | |c BK | ||
| 945 | |d 19940718 00:00:00 |a rbrito | ||
| 260 | |a Santiago |b PUC |c 1979 | ||
| 500 | |a Separata de la revista Anales de educación, 1, año 1979 | ||
| 650 | 0 | |a Educación preescolar |9 260381 | |
| 650 | 0 | |a Formación profesional de profesores |9 307493 | |
| 583 | |a last modification |c 19940718 00:00:00 |k Rodrigo Vera | ||
| 999 | |c 229259 |d 229257 | ||
| 952 | |0 0 |1 0 |4 0 |6 370_710000000000000_PON_1979 |7 0 |8 A |9 230150 |a BIBEDU |b BIBEDU |c ES_NOD |d 2019-11-15 |i 2986949 |o 370.71 PON 1979 |p 2986949 |r 2023-01-12 |w 2019-11-15 |y BK |k EDU | ||